Kde sa píšu čiarky?

Bibliographic Details
Main Author: Beláková, Mária, pedagogička (Author)
Other Authors: Šplíchal, Antonín, 1947- (Illustrator)
Format: Book
Language:Slovak
PhysicalDescription:77 s. ilustr. 21 cm
Published: Bratislava Fragment 2011
ISBN:9788080895495
Edition:1. vyd.
Subjects:

MARC

LEADER 00000cam a2200000 a 4500
001 vtls010313520
003 SK-MaSNL
005 20260301032054.0
008 240314s2011 xo a g p 000 0 slo
015 |a SNBA2012/04-02266 
020 |a 9788080895495  |q (brož.) 
035 |a 60094795-12D8-4155-9A96-FA66FAF1B7F2 
035 |a urn:nbn:sk:snk-amjipl 
035 |a urn:nbn:sk:snk-am001zeu 
040 |a SNK  |b slo  |c SNK  |e AACR2 
041 0 |a slo 
044 |a xo  |c SK 
072 7 |a 811.162.4  |x Slovenčina  |2 konspekt 
072 7 |a 37.016  |x Učebné osnovy. Vyučovacie predmety. Učebnice  |2 konspekt 
080 |a 811.162.4  |2 2001 
080 |a 81'35  |2 2001 
080 |a (075)  |2 2001 
100 1 |a Beláková, Mária,  |c pedagogička  |4 aut  |9 113492 
245 1 0 |a Kde sa píšu čiarky?  |c Mária Beláková ; [ilustrácie Antonín Šplíchal] 
250 |a 1. vyd. 
260 |a Bratislava  |b Fragment  |c 2011 
300 |a 77 s.  |b ilustr.  |c 21 cm 
504 |a Bibliogr. s. 77 
650 0 7 |a slovenčina  |2 SNKPH  |9 1350 
650 0 7 |a pravopis  |2 SNKPH  |9 868 
650 0 7 |a Slovak language  |2 SNKPHeng  |9 266031 
650 0 7 |a Orthography and spelling  |2 SNKPHeng  |9 282043 
655 7 |a učebnice  |2 SNKPH  |9 22521 
655 7 |a Textbooks  |2 SNKPHeng  |9 276731 
700 1 |a Šplíchal, Antonín,  |d 1947-  |4 ill  |9 86269 
919 |a 978-80-8089-549-5 
958 |a NB 
968 |d 81 
999 |c 577779  |d 579709 
952 |a SNK  |b SNK  |y PREZ  |7 0  |p 17A0833636  |o snkSC 147432  |i snk2011/24069  |8 0  |0 0  |1 0  |4 0  |d 2011-12-07  |l 0  |r 2025-07-16 00:00:00  |w 2026-02-23 
952 |a SNK  |b SNK  |y VYP  |7 0  |p 17A0833635  |o snkSC 147432 D1  |i snk2011/24071  |8 0  |0 0  |1 0  |4 0  |d 2011-12-07  |f 1  |l 0  |r 2026-02-23 14:39:11  |w 2026-02-23